Clinical obstetrics and gynaecology / (Record no. 99030)
[ view plain ]
| 000 -LEADER | |
|---|---|
| fixed length control field | 01076nam a22003257a 4500 |
| 003 - CONTROL NUMBER IDENTIFIER | |
| control field | URS |
| 005 - DATE AND TIME OF LATEST TRANSACTION | |
| control field | 20260330133456.0 |
| 008 - FIXED-LENGTH DATA ELEMENTS--GENERAL INFORMATION | |
| fixed length control field | 260314b |||||||| |||| 00| 0 eng d |
| 020 ## - INTERNATIONAL STANDARD BOOK NUMBER | |
| International Standard Book Number | 978-0-70208-513-0 |
| 040 ## - CATALOGING SOURCE | |
| Language of cataloging | English |
| Description conventions | rda |
| Transcribing agency | URS |
| 050 00 - LIBRARY OF CONGRESS CALL NUMBER | |
| Classification number | RG101 |
| Item number | .L452 2023 |
| 245 00 - TITLE STATEMENT | |
| Title | Clinical obstetrics and gynaecology / |
| Statement of responsibility, etc | Elizabeth A. Layden...[and three others]. |
| 250 ## - EDITION STATEMENT | |
| Edition statement | 5th edition. |
| 264 #1 - PUBLICATION, DISTRIBUTION, ETC. (IMPRINT) | |
| Place of publication, distribution, etc | Edinburgh : |
| Name of publisher, distributor, etc | Elsevier, |
| Date of publication, distribution, etc | ©2023. |
| 300 ## - PHYSICAL DESCRIPTION | |
| Extent | xiii, 546 pages : |
| Other physical details | colour illustrations ; |
| Dimensions | 23 cm. |
| 336 ## - CONTENT TYPE | |
| Content type term | text |
| Content type code | txt |
| Source | rdacontent |
| 337 ## - MEDIA TYPE | |
| Media type term | unmediated |
| Media type code | n |
| Source | rdamedia |
| 338 ## - CARRIER TYPE | |
| Carrier type term | volume |
| Carrier type code | nc |
| Source | rdacarrier |
| 504 ## - BIBLIOGRAPHY, ETC. NOTE | |
| Bibliography, etc | Includes bibliographical references and index. |
| 650 #0 - SUBJECT ADDED ENTRY--TOPICAL TERM | |
| Topical term or geographic name as entry element | Gynecology. |
| 650 #0 - SUBJECT ADDED ENTRY--TOPICAL TERM | |
| Topical term or geographic name as entry element | Obstetrics. |
| 650 #0 - SUBJECT ADDED ENTRY--TOPICAL TERM | |
| Topical term or geographic name as entry element | Pregnancy. |
| 9 (RLIN) | 6701 |
| 650 #0 - SUBJECT ADDED ENTRY--TOPICAL TERM | |
| Topical term or geographic name as entry element | Genitourinary organs. |
| 9 (RLIN) | 6702 |
| 700 ## - ADDED ENTRY--PERSONAL NAME | |
| Personal name | Layden, Elizabeth A., |
| Relator term | author. |
| 9 (RLIN) | 6696 |
| 700 ## - ADDED ENTRY--PERSONAL NAME | |
| Personal name | Thomson, Andrew J., |
| Relator term | editor. |
| 9 (RLIN) | 6697 |
| 700 ## - ADDED ENTRY--PERSONAL NAME | |
| Personal name | Owen, Philip, |
| Relator term | editor. |
| 9 (RLIN) | 6698 |
| 700 ## - ADDED ENTRY--PERSONAL NAME | |
| Personal name | Madhra, Mayank, |
| Relator term | editor. |
| 9 (RLIN) | 6699 |
| 700 ## - ADDED ENTRY--PERSONAL NAME | |
| Personal name | Magowan, Brian, |
| Relator term | editor. |
| 9 (RLIN) | 6700 |
| 942 ## - ADDED ENTRY ELEMENTS (KOHA) | |
| Source of classification or shelving scheme | Library of Congress Classification |
| Koha item type | Reserved Books |
| Withdrawn status | Lost status | Source of classification or shelving scheme | Damaged status | Not for loan | Collection code | Home library | Current library | Shelving location | Date acquired | Source of acquisition | Cost, normal purchase price | Total Checkouts | Full call number | Barcode | Date last seen | Copy number | Cost, replacement price | Price effective from | Koha item type |
|---|---|---|---|---|---|---|---|---|---|---|---|---|---|---|---|---|---|---|---|
| Library of Congress Classification | Non-fiction | Taytay College Library | Taytay College Library | Medicine Collection | 03/14/2026 | Purchased | 4953.00 | RG101 .L452 2023 | URSTAY-6030 | 03/14/2026 | 1 | 4953.00 | 03/14/2026 | Reserved Books |